Capitales du monde par lettre - P - Statistiques

Statistiques générales
  • Ce quiz a été pris 2 147 fois
    2 146 depuis la dernière actualisation
  • Le résultat moyen est 11 sur 18
Statistiques - réponses
Réponse % Correct
Paris
93%
Prague
79%
Pristina
75%
Panama
72%
Pékin
70%
Paramaribo
69%
Podgorica
68%
Pretoria
64%
Port-au-Prince
62%
Pyongyang
61%
Port Moresby
58%
Praia
56%
Port-d'Espagne
55%
Port-Louis
55%
Porto-Novo
55%
Phnom Penh
54%
Port-Vila
49%
Palikir
45%
Aucun quiz correspondant
Distribution des résultats
% des personnes avec chaque résultat
Percentile par nombre de réponses
Votre historique - résultats
Vous n’avez pas pris ce quiz depuis la dernière actualisation